[Event "CZE-chT2J 0203"]
[Site "Czech Republic"]
[Date "2003.??.??"]
[Round "8"]
[White "Volny, Ivo"]
[Black "Havluj, Zdenek"]
[Result "0-1"]
[WhiteElo "1851"]
[BlackElo "1910"]
[PlyCount "102"]
[EventDate "2002.10.??"]
[EventType "team"]
[EventRounds "11"]
[EventCountry "CZE"]
[SourceTitle "EXT 2007"]
[Source "ChessBase"]
[SourceDate "2006.11.23"]
[SourceVersion "1"]
[SourceVersionDate "2006.11.23"]
[SourceQuality "1"]

1. e4 d6 2. d4 Nf6 3. f3 g6 4. Be3 c6 5. c4 Bg7 6. Qd2 0-0 7. Nc3 e5 8. d5 c5 9. a4 Ne8 10. Bg5 f6 11. Bh6 f5 12. Bxg7 Nxg7 13. Bd3 f4 14. 0-0-0 Na6 15. Na2 Bd7 16. b3 Nc7 17. Nc3 a6 18. Nge2 b5 19. cxb5 axb5 20. Nxb5 Nxb5 21. Bxb5 Bxb5 22. axb5 Qb6 23. Nc3 Ne8 24. Kb2 Nc7 25. Qd3 Ra5 26. Ra1 Rfa8 27. Ra4 Nxb5 28. Nxb5 Rxa4 29. bxa4 Rxa4 30. Rb1 c4 31. Qc2 Qxb5+ 32. Kc1 Qa5 33. Qb2 Qe1+ 34. Kc2 Qe2+ 35. Kc1 Qf1+ 36. Kc2 Qxg2+ 37. Kc1 Qg1+ 38. Kc2 Qxh2+ 39. Kc3 Qxb2+ 40. Rxb2 Ra3+ 41. Kxc4 Rxf3 42. Rb6 Re3 43. Rxd6 Rxe4+ 44. Kc5 Kf7 45. Rd7+ Kf6 46. Rxh7 g5 47. Rh6+ Kg7 48. Re6 Kf7 49. Kd6 f3 50. Re7+ Kg6 51. Ke6 f2 0-1

[Event "CZE-chTJ 0001"]
[Site "Czech Republic"]
[Date "2001.??.??"]
[Round "8"]
[White "Volny, Ivo"]
[Black "Nejdl, Eduard"]
[Result "1/2-1/2"]
[WhiteElo "1865"]
[BlackElo "2090"]
[PlyCount "89"]
[EventDate "2000.??.??"]
[EventType "team"]
[EventRounds "11"]
[EventCountry "CZE"]
[SourceTitle "EXT 2003"]
[Source "ChessBase"]
[SourceDate "2002.11.25"]
[SourceVersion "1"]
[SourceVersionDate "2002.11.25"]
[SourceQuality "1"]

1. e4 Nf6 2. Nc3 d5 3. exd5 Nxd5 4. Nxd5 Qxd5 5. Qf3 Qe5+ 6. Ne2 c5 7. Qe3 Qxe3 8. dxe3 Nc6 9. Bd2 e5 10. Nc3 Be6 11. Bb5 Rc8 12. 0-0 Be7 13. e4 0-0 14. Bxc6 Rxc6 15. Nd5 Bxd5 16. exd5 Rb6 17. b3 c4 18. Be3 Ra6 19. Rfd1 Rc8 20. a4 Kf8 21. Rab1 Bd6 22. Kf1 Ke7 23. Ke2 h6 24. g4 Ra5 25. Kf3 Ra6 26. h4 f6 27. h5 b6 28. Ke4 Ra5 29. Bd2 Rac5 30. b4 R5c7 31. c3 Rd7 32. Be3 Rb8 33. Rd2 Rdb7 34. Ra1 a5 35. b5 Rc8 36. Rad1 Bc5 37. Kf5 Kd6 38. Ke4 Re7 39. Rf1 Bxe3 40. fxe3 Rc5 41. Rdd1 Rd7 42. Rd2 Rc8 43. Rfd1 Re7 44. Rf1 Rg8 45. Rff2 1/2-1/2

[Event "CZE-chTJ 0102"]
[Site "Czech Republic"]
[Date "2001.??.??"]
[Round "8"]
[White "Volny, Ivo"]
[Black "Zeman, Martin"]
[Result "0-1"]
[WhiteElo "1859"]
[BlackElo "1917"]
[PlyCount "80"]
[EventDate "2001.??.??"]
[EventType "team"]
[EventRounds "11"]
[EventCountry "CZE"]
[SourceTitle "EXT 2003"]
[Source "ChessBase"]
[SourceDate "2002.11.25"]
[SourceVersion "1"]
[SourceVersionDate "2002.11.25"]
[SourceQuality "1"]
[WhiteTeam "Sokolov"]
[BlackTeam "Pribram"]
[WhiteTeamCountry "CZE"]
[BlackTeamCountry "CZE"]

1. e4 c5 2. Nf3 d6 3. d4 cxd4 4. Nxd4 Nf6 5. Nc3 a6 6. Bc4 e6 7. 0-0 b5 8. Bd3 Be7 9. Qf3 Bb7 10. a3 Nbd7 11. Qg3 0-0 12. f4 Rc8 13. e5 dxe5 14. fxe5 Nxe5 15. Qxe5 Bd6 16. Nxe6 Bxe5 17. Nxd8 Rfxd8 18. Bg5 h6 19. Bxf6 Bxf6 20. Nd1 Rc5 21. Re1 Rg5 22. g3 h5 23. Kf1 h4 24. gxh4 Rh5 25. Be4 Bxe4 26. Rxe4 Rd2 27. a4 Rf5+ 28. Kg1 Bd4+ 29. Ne3 Rf3 30. Re1 bxa4 31. Kh1 Bxe3 32. R4xe3 Rff2 33. Re4 Rxh2+ 34. Kg1 Rdg2+ 35. Kf1 Rxc2 36. Kg1 Rcg2+ 37. Kf1 Rxb2 38. Kg1 a3 39. Ra4 a2 40. Rxa6 Rhc2 0-1